000 00660nam a2200241 i 4500
001 C2-0290397
003 PPAK
005 20180728022919.0
008 081006s2008 my a|||| ||||| | ara d
020 _a9789836293046
040 _aPPAK
_beng
_cPPAK
_erda
082 0 4 _a297.122
_223
090 0 0 _a297.122
_bQAF
_dRK
245 0 0 _aQaf : al-quran al-majid jil 2
264 1 _aKuala Lumpur :
_bDewan Bahasa dan Pustaka ,
_c2008
300 _a[40 pages] :
_billustrations ;
_c24 cm
336 _2rdacontent
_atext
337 _2rdamedia
_aunmediated
338 _2rdacarrier
_avolume
650 1 0 _aKoran - Hermeneutics
700 _eauthor
942 _ddc
_cB
999 _c95649
_d95649